|
|
|
|
| LEADER |
02274nam a2200577 a 4500 |
| 001 |
nkc20112224417 |
| 003 |
CZ PrNK |
| 005 |
20111020092815.0 |
| 007 |
ta |
| 008 |
110920s2011 xr a e f 000 0 cze |
| 015 |
|
|
|a cnb002224417
|
| 020 |
|
|
|a 978-80-244-2676-1
|q (brož.) :
|c neprodejné
|
| 040 |
|
|
|a ABA001
|b cze
|
| 043 |
|
|
|a e-xr---
|b e-xr-ol
|2 czenas
|
| 072 |
|
7 |
|a 378
|x Vysoké školy
|2 Konspekt
|9 22
|
| 080 |
|
|
|a 378.4
|2 MRF
|
| 080 |
|
|
|a 378.096-029:1
|2 MRF
|
| 080 |
|
|
|a 378.14
|2 MRF
|
| 080 |
|
|
|a 80
|2 MRF
|
| 080 |
|
|
|a 001.2
|2 MRF
|
| 080 |
|
|
|a (437.325)
|2 MRF
|
| 080 |
|
|
|a (036)
|2 MRF
|
| 100 |
1 |
|
|a Fialová, Ingeborg,
|d 1961-
|7 xx0000983
|4 aut
|
| 245 |
1 |
0 |
|a Na FF UP se studuje filologie :
|b diskuzní brožura o místě a funkci studia filologie/filologií na FF UP v Olomouci /
|c [Ingeborg Fialová, Dan Faltýnek a kolektiv]
|
| 246 |
3 |
0 |
|a Filologie
|
| 250 |
|
|
|a 1. vyd.
|
| 260 |
|
|
|a Olomouc :
|b Univerzita Palackého v Olomouci,
|c 2011
|
| 300 |
|
|
|a 97 s. :
|b il. (převážně barev.) ;
|c 21 cm
|
| 500 |
|
|
|a Pod názvem: Univerzita Palackého v Olomouci, Filozofická fakulta
|
| 610 |
2 |
7 |
|a Univerzita Palackého.
|b Filozofická fakulta
|7 kn20010709373
|2 czenas
|
| 650 |
0 |
7 |
|a univerzity
|7 ph126937
|z Česko
|2 czenas
|
| 650 |
0 |
7 |
|a filozofické fakulty
|7 ph349181
|z Česko
|2 czenas
|
| 650 |
0 |
7 |
|a vysokoškolské studium
|7 ph127279
|z Česko
|2 czenas
|
| 650 |
0 |
7 |
|a filologie
|7 ph120216
|z Česko
|2 czenas
|
| 650 |
0 |
7 |
|a filologie
|7 ph120216
|x mezioborový kontext
|2 czenas
|
| 650 |
0 |
9 |
|a universities
|z Czechia
|2 eczenas
|
| 650 |
0 |
9 |
|a faculties of letters
|z Czechia
|2 eczenas
|
| 650 |
0 |
9 |
|a college study
|z Czechia
|2 eczenas
|
| 650 |
0 |
9 |
|a philology
|z Czechia
|2 eczenas
|
| 650 |
0 |
9 |
|a philology
|x interdisciplinary context
|2 eczenas
|
| 651 |
|
7 |
|a Olomouc (Česko)
|7 ge130299
|2 czenas
|
| 651 |
|
9 |
|a Olomouc (Czechia)
|2 eczenas
|
| 655 |
|
7 |
|a informační publikace
|7 fd132454
|2 czenas
|
| 655 |
|
9 |
|a information publications
|2 eczenas
|
| 700 |
1 |
|
|a Faltýnek, Dan,
|d 1980-
|7 hka2011656128
|4 aut
|
| 710 |
2 |
|
|a Univerzita Palackého.
|b Filozofická fakulta
|7 kn20010709373
|
| 910 |
2 |
|
|a BOA001
|b 2-1270.763
|
| 990 |
|
|
|a BK
|
| 995 |
|
|
|a 01
|
| 991 |
|
|
|b 201110
|c NOV
|e n
|
| 996 |
6 |
|
|b 2610489710
|c 2-1270.763
|l MZK
|r Sklad / do 1 hodiny
|n 1
|p p.v.
|w 001203820
|u 000010
|a 1
|e BOA001
|j MZK50
|s P
|